000 00514nam a2200169 a 4500
001 BRCA_2993
005 20190320204048.0
008 010102s2000 mx-a---##c---#010-0dspa-#
040 _aDLC
_cDLC
050 4 _aN6555
_b.A14 2000
245 1 0 _a10 años de ausencia
_bFernando Gamboa, 1909-1990.
260 _aMéxico
_bFondo Cultural Carmen
_c2000
300 _axx, 84 p.
_bil. a color
_c30 cm.
650 1 4 _aArte mexicano
_vExposiciones
_ySiglo XX
_92618
700 1 _aGamboa, Fernando
_d1909-1990
_98280
942 _2lcc
_cB
999 _c2732
_d2732